[Event "Thessaloniki FIDE GP"]
[Site "Thessaloniki"]
[Date "2013.05.27"]
[Round "5"]
[White "Nakamura, Hikaru"]
[Black "Caruana, Fabiano"]
[Result "1/2-1/2"]
[WhiteElo "2775"]
[BlackElo "2774"]
[Annotator "Krasenkow,M"]
[PlyCount "168"]
[EventDate "2013.05.22"]
[EventType "tourn"]
[EventRounds "11"]
[EventCountry "GRE"]
[EventCategory "21"]
[SourceTitle "CBM 155"]
[Source "ChessBase"]
[SourceDate "2013.07.16"]
[SourceVersion "1"]
[SourceVersionDate "2013.07.16"]
[SourceQuality "1"]

1. d4 Nf6 2. c4 g6 3. Nc3 d5 4. e3 Bg7 5. Qb3 e6 6. Qa3 c6 7. Nf3 a5 {This
sytem was examined many years ago in CBM 77, annotations to
Kortschnoj-Krasenkow (Lviv 2000). Black is threatening 8...dxc4 and preparing .
..Nb8-a6-b4. Eventually, White's queen will have to retreat from its powerful
position on a3.} 8. b3 Na6 9. Be2 (9. c5 Nd7 10. Bxa6 Rxa6 11. Na4 O-O (11...
g5 $5 12. O-O g4 13. Ne1 h5 14. Nd3 Qg5 15. Qb2 e5 16. e4 Qg6 {0-1 (40)
Kortschnoj,V (2620)-Van Wely,L (2643) Istanbul 2000 EXT 2001 [Krasenkow,M]} 17.
Re1 $13 {L.Van Wely}) 12. Bb2 Qe7 13. O-O Re8 14. Rac1 Bf8 15. Ba1 b5 16. Nb2
b4 17. Qa4 Bb7 18. a3 bxa3 19. Qxa3 Raa8 20. Rfe1 Bg7 21. Na4 Ba6 22. Bc3 Bb5
23. Nb2 e5 $36 {1/2 (60) Kortschnoj,V (2629)-Kurnosov,I (2580) Cheliabinsk 2007
}) (9. Bd2 $5 Nb4 (9... Ne4 10. Qb2 O-O 11. Be2 Nxd2 12. Qxd2 dxc4 13. bxc4 Qe7
14. O-O Rd8 15. Rab1 Rb8 16. Rfd1 e5 $11 {1/2 (34) Baumgartner,U (2242)-Siger,
I (2093) Lechenicher SchachServer 2008}) 10. Rc1 O-O 11. Be2 b6 12. Na4 Na6 13.
c5 bxc5 14. Nxc5 Nxc5 15. Rxc5 {1-0 (55) Krizsany,L (2385)-Wapner,J (2155)
Budapest 1994} a4 $1 $13) 9... Ne4 (9... Nb4 10. Qb2 c5 11. O-O O-O 12. Rd1 b6
13. a3 Nc6 14. Qc2 cxd4 15. exd4 Bb7 16. Bf4 Rc8 17. c5 (17. h3 Qe7 18. Bg5 h6
19. Bxf6 Qxf6 20. cxd5 exd5 21. Qb2 Qd6 $11 {0-1 (67) Jakobsen,O (2402)-Ruck,R
(2472) Koszeg 2000}) 17... bxc5 (17... Nd7 $1 $13) 18. dxc5 d4 19. Bc4 h6 20.
Nb5 Nd5 21. Bg3 Ba6 22. Nd6 Bxc4 23. Qxc4 Nc3 24. Nxc8 Nxd1 25. Rxd1 Qxc8 26.
b4 $16 {1-0 (38) Ringoir,T (2468)-Greenfeld,A (2540) Amsterdam NED 2013}) 10.
Qb2 (10. Na4 Nb4 (10... Bd7 11. c5 O-O 12. Bb2 Nc7 13. Nb6 Ra7 14. b4 Be8 15.
bxa5 f6 16. O-O g5 17. Bc3 Bg6 18. Rad1 Qe7 19. Ba1 $14 {1-0 (31) Gabriel,C 
(2553)-Moor,R (2391) Switzerland 2005}) 11. Qb2 c5 $5 12. O-O O-O 13. Rd1 cxd4
14. exd4 dxc4 15. bxc4 Bd7 16. Nc3 Nxc3 17. Qxc3 Ba4 $1 18. Rd2 Qc7 $11 {
1/2 (42) Kortschnoj,V (2659)-Krasenkow,M (2661) Lvov 2000 CBM 077 [Krasenkow,M]
}) 10... O-O 11. O-O b6 (11... c5 12. Rd1 b6 13. Bd2 Nxd2 14. Qxd2 cxd4 15.
exd4 Bb7 16. Rac1 Re8 17. Na4 dxc4 18. bxc4 Bc6 19. Qc2 Re7 $11 {0-1 (36)
Vorobiov,E (2581)-Cernousek,L (2440) Teplice 2012}) (11... Nac5 $5) 12. Rd1 Bb7
13. Bd2 Nxd2 (13... c5 {is also possible. In any case Black has no problems.})
14. Qxd2 Nb8 15. Rac1 Nd7 16. Na4 Qe7 17. Ne1 Rfd8 {Threatening ...d5xc4 and ..
.e6-e6 or ...c6-c5, Black practically forces c4xd5, which clarifies the
position in the centre.} 18. cxd5 exd5 19. Nd3 {[%mdl 32] Taking into
consideration what happened in the game, I would suggest another plan for
White:} (19. Nf3 {[%cal Yh2h4,Yg2g3] restricting Black's dark-squared bishop
and stopping his h-pawn. Such a plan would hardly be good if Black's knight
could join his attack (say, ...Nd7-f6-e4) but here it is tied to the b6-pawn.})
19... Re8 20. Rc2 h5 $1 21. Bf1 h4 22. Qc1 Qe6 23. h3 Bf8 24. Be2 Bd6 {A
typical manoeuvre. White's position becomes dubious.} 25. Nf4 Qe7 26. Qb1 Kg7 (
26... Bb8 $5 {[%cal Ye7d6] (H.Nakamura). White can't protect the naked b8-h2
diagonal.}) 27. Nd3 {White must just build up a defensive set-up and wait} Rac8
28. Ne1 f5 29. Bd3 Qf6 30. Re2 Re7 31. Qc2 Rf8 {[%cal Yg6g5]} 32. f4 {A
desperate attempt to change the unfavourable course of events. However, the
e3-pawn now becomes weak.} (32. Nf3 g5 33. Nh2 Kg8 {[%cal Ye7g7,Yg5g4]}) 32...
Rfe8 33. Qd2 g5 (33... b5 $5 34. Nc3 (34. Nb2 c5 $1 35. Bxb5 cxd4 36. Qxd4 (36.
exd4 Rxe2 37. Bxe2 Bb4 38. Qd3 Re6 $17 {[%cal Rb7a6]}) (36. Bxd7 dxe3 $17 37.
Rxe3 $140 $2 Bc5) 36... Rxe3 $1 37. Rxe3 Rxe3 38. Qxf6+ Nxf6 $17) 34... b4 35.
Na4 c5 36. Nxc5 Nxc5 37. dxc5 Bxc5 38. Nc2 Qb6 39. Rde1 Bc6 $15) (33... c5 $5)
34. Nf3 $5 gxf4 35. exf4 Rxe2 36. Bxe2 Bb4 (36... Qh6 $5 37. Ne5 Nf6 {[%cal
Yf6e4]} 38. Bd3 Nh5 $1) 37. Qc2 Re4 38. Nb2 (38. Ne5 $142 $15) 38... Nf8 $1 {
[%cal Yf8e6] The knight becomes extremely powerful.} 39. Nd3 Bd6 40. Nde5 Ne6
41. Bd3 Nxd4 {The first material gains.} 42. Qc1 Nxf3+ 43. gxf3 Bxe5 44. fxe5
Rxe5 $19 {It is hard to believe that a super-GM will not be able to convert
two extra pawns.} 45. Qf4 c5 $2 {Black underestimates the only chance of his
opponent: counterplay along the g-file.} (45... Kf7 $142 $1 46. Kf2 (46. Kh2
Qd6) 46... Bc8 47. Rg1 Re7 {with full consolidation. If} 48. Rg5 {then} Qa1)
46. Kh2 Kf7 (46... Qd6 47. Qg5+) (46... Kg6 $5 47. Rg1+ Kh5) 47. Rg1 Bc8 48.
Rg5 Qd6 49. Rg4 Re6 50. Qxd6 Rxd6 51. Rxh4 {[%mdl 4096] White has recaptured
one of the pawns but Black should still win this ending.} Rg6 $6 (51... Be6 $1
{[%cal Yf7f6,Yf6e5]}) 52. Rh8 Rg8 {After the exchange of rooks, surprisingly,
Black faces serious problems breaking down White's defence.} 53. Rxg8 Kxg8 54.
Kg3 Kg7 55. Kf4 Kf6 56. Bb5 Be6 57. h4 c4 $2 (57... d4 $1 {was probably the
right course:} 58. Be8 (58. Bc6 Ke7 59. Ke5 d3 60. Bb5 d2 61. Be2 a4 62. bxa4
Bxa2 63. Bd1 c4 $19) 58... Ke7 59. Bb5 Bd7 60. Bd3 (60. Bc4 Kf6 {followed by ..
.a5-a4 and ...Bd7-e6.} 61. h5 a4 62. h6 Kg6 {doesn't help.}) (60. Be2 a4 61.
Ke5 Be6 62. Bd1 Bxb3 $1 63. axb3 a3 $19) 60... a4 $1 61. Ke5 (61. Bc2 axb3 62.
axb3 Kf6 63. h5 b5 64. Bd3 Be6 $19) 61... Be6 62. bxa4 c4 63. Bf1 d3 64. Kd4 f4
$1 {, and Black should win.}) 58. bxc4 dxc4 59. Ke3 c3 (59... Ke5 60. f4+ Kd5
61. h5 Bf7 62. h6 Bg6 63. Be8 Bh7 64. a4 Kc5 65. Bh5 Kb4 66. Bd1 {, and Black
can't make progress.}) 60. a3 Bd5 61. Ba4 Bb7 (61... f4+ 62. Kxf4 b5 63. Ke3 $1
b4 64. axb4 axb4 65. Kd4 $11) 62. f4 Be4 63. Bb5 Kg6 64. Be8+ Kh6 65. a4 Bb1
66. Ke2 Bc2 67. Ke3 Be4 68. Ke2 Kg7 69. Ke3 Kf8 70. Bd7 Ke7 71. Bb5 Kd6 72. Be8
Ke6 73. Ke2 Kf6 74. Ke3 Kg7 75. Ke2 Kh6 76. Ke3 Bb1 77. Ke2 Bc2 78. Ke3 Bb3 79.
Kd3 c2 80. Kd2 Kg7 81. Kc1 Kf6 82. Kd2 Kg7 83. Kc1 Kf6 84. Kd2 Kg7 1/2-1/2

[Event "Thessaloniki FIDE GP"]
[Site "Thessaloniki"]
[Date "2013.06.01"]
[Round "9"]
[White "Caruana, Fabiano"]
[Black "Dominguez Perez, Leinier"]
[Result "0-1"]
[WhiteElo "2774"]
[BlackElo "2723"]
[Annotator "Ftacnik,L"]
[PlyCount "130"]
[EventDate "2013.05.22"]
[EventType "tourn"]
[EventRounds "11"]
[EventCountry "GRE"]
[EventCategory "21"]
[SourceTitle "CBM 155"]
[Source "ChessBase"]
[SourceDate "2013.07.16"]
[SourceVersion "1"]
[SourceVersionDate "2013.07.16"]
[SourceQuality "1"]

1. e4 c5 2. Nf3 d6 3. d4 cxd4 4. Nxd4 Nf6 5. Nc3 a6 6. f3 e5 7. Nb3 Be6 8. Be3
h5 {The idea of preventing the main plan in the English Attack with h5 is
among the most solid defensive ideas for Black. The compromising of the
kingside pawn structure is amply compensated for by the slowing of the
opponent's plans.} 9. Qd2 Nbd7 10. Nd5 Bxd5 11. exd5 g6 12. Be2 {Quiet
development for White seems to be natural enough, but it may not be sufficient.
The only real alternative is an immediate attempt to hinder Black's plans with
the move 12.Na5!?} (12. Na5 $5 Qc7 13. Be2 (13. c4 Bg7 14. Be2 O-O (14... h4
15. O-O Nh5 16. Rfd1 Nf4 17. Bf1 b6 18. Nc6 Kf8 19. b4 Bf6 20. a4 h3 21. g3 Ng2
22. Bxg2 hxg2 23. Ra3 Kg7 24. a5 {1-0 Horvath,A-Papp,G/Balatonlelle 2004/ (33)}
) (14... e4 15. f4 Ng4 16. Bxg4 hxg4 17. O-O f5 18. Rab1 Nc5 19. b4 Nd3 20. c5
Qf7 21. Nc4 O-O 22. Nb6 Rad8 $15 {0-1 (33) Mamedov,N (2580)-Korobov,A (2670)
Moscow 2011}) 15. O-O b6 16. Nc6 Nb8 17. Nxb8 Raxb8 (17... Rfxb8 18. Rac1 Qd7
19. Bd3 Kh7 20. f4 e4 21. Be2 Qf5 22. h3 b5 {1/2-1/2 Jenni,F-Hort,V/Basel 2004/
(62)}) 18. Rac1 Nd7 19. Rfd1 a5 20. Bd3 f5 $11 {1/2-1/2 (25) Bonnet,
E-Guidarelli,L/Paris 2002/ (48)}) 13... Bg7 (13... Ng8 14. O-O (14. Qb4 Ne7 15.
O-O-O Rc8 16. c3 b5 17. Kb1 Nf5 18. Bc1 Bh6 19. Bxh6 Rxh6 20. c4 Nd4 21. Rhe1
Kf8 22. Nc6 Nxe2 23. Rxe2 bxc4 24. Qxc4 $14 {1-0 (44) Smeets,J (2628)-Asis
Gargatagli,H (2431) Barcelona 2011}) 14... Bh6 15. b4 Bxe3+ 16. Qxe3 Ne7 17. c4
Nf5 18. Qf2 Nd4 19. Bd3 f5 20. f4 b6 {1/2-1/2 Apicella,M-Gerard,N/St Quentin
2001/ (27)}) (13... b6 14. Nb3 Bg7 15. a4 O-O 16. O-O Kh7 17. c3 Ng8 18. g4
Ndf6 19. g5 Nd7 20. f4 exf4 21. Rxf4 Ne7 22. Raf1 Kg8 23. c4 $11 {0-1 (62)
Bologan,V (2678)-Dominguez Perez,L (2719) Khanty-Mansiysk 2011}) 14. O-O-O Rc8
(14... Nb6 $5 15. Bxb6 Qxb6 16. Qc3 (16. Nc4 Qc5 17. Kb1 Rc8 18. Rhe1 b5 $13)
16... O-O 17. Rhe1 Rac8 $13) 15. Kb1 O-O (15... Nb6 16. c4 O-O 17. Rhe1 $14)
16. Rc1 e4 (16... Rfe8 17. c4 Nc5 18. b4 Ncd7 19. g4 h4 $13) 17. f4 Nc5 18. Nb3
(18. b4 $2 b6 $1 19. Nb3 (19. Nc6 Nxd5 20. Qxd5 Na4 21. c4 Qxc6 $17) 19... Nxb3
20. cxb3 (20. axb3 Nxd5 $1 $19) 20... Qb7 $15) 18... Na4 19. c3 (19. c4 $5 Ng4
20. Bxg4 hxg4 21. Nd4 $14) 19... Rfe8 (19... b5 $5 20. c4 Qd7 21. Bd4 Qf5 $13)
20. Rhf1 Nb6 21. c4 Ng4 22. f5 Nxe3 (22... Nxh2 23. Rh1 Ng4 24. Bxg4 hxg4 25.
Qf2 g3 (25... Nxc4 26. f6 $18) 26. Qf4 gxf5 27. Bd4 f6 28. Nd2 Re7 29. Qxg3 $16
) 23. Qxe3 Nd7 (23... a5 24. Nxa5 Na4 25. b4 Qe7 26. Qb3 Qe5 27. f6 Bxf6 28.
Rxf6 Qxf6 29. Qxa4 Qf2 30. Qd1 $14) 24. g4 $1 {1-0 (31) Anand,V (2782)-Kramnik,
V (2770) Dortmund 2004}) 12... Qc7 {Dominguez is preparing the great plan of
queenside counterplay with this natural queen move. Black has given up the
light-squared bishop, but his other pieces are doing a good job of controlling
vital squares.} (12... Bg7 13. O-O O-O 14. Na5 Qc7 15. c4 Rfe8 16. Rac1 b6 17.
Nc6 a5 18. b3 Nb8 19. Nxb8 Qxb8 20. a3 Nd7 21. Rc2 f5 22. Rb1 Kh7 23. Qc1 Re7
24. Bg5 Bf6 $11 {1/2 (65) Bulmaga,I (2393)-Duda,J (2506) Legnica 2013}) 13. c4
a5 $5 {A new idea of advancing an queenside initaitive. Black is not afraid to
expose his pawn structure on the dark squares since White is not prepared any
better for the oncoming conflict.} (13... Bg7 14. O-O b6 15. Rac1 O-O 16. Na1 (
16. Qc2 Rfe8 17. Nd2 a5 18. Ne4 Nc5 19. b3 Nh7 20. Nc3 f5 21. a3 Nf6 22. h3 Kh7
23. Nb5 Qb8 24. b4 $16 {1/2 (34) Turutin,A (2321)-Tihonov,J (2470) Zvenigorod
2008}) 16... Kh7 17. Bd1 Qb7 18. Be2 b5 19. Nb3 bxc4 20. Bxc4 Rfb8 21. Rfd1 {
0-1 (45) Arenas Vanegas,D (2420)-Dominguez Perez,L (2716) Santiago de los
Caballeros 2011} Qb4 $11) (13... b6 14. O-O-O Bg7 15. Kb1 Nc5 16. Na1 O-O 17.
Nc2 Rfe8 18. h3 Rac8 19. Rc1 a5 20. g4 e4 21. f4 Nd3 22. Nd4 Nxc1 23. Rxc1 hxg4
24. hxg4 $11 {1-0 (35) Lopez Martinez,J (2506)-Guerra Mendez,J (2434) Montcada
2012}) 14. Rd1 (14. O-O a4 15. Nc1 Bg7 16. a3 e4 17. Na2 $11) 14... a4 15. Na1
Qa5 {The exchange of the queens will alter the dynamics of the position to a
significant degree. White will not be able to exploit Black's weaknesses with
the help of a direct attack and will have to resort to positional measures.} (
15... Bg7 16. Nc2 O-O 17. Na3 $14) 16. Qxa5 Rxa5 17. Nc2 Bh6 18. Bf2 {For
better or worse the dark-squared bishop is the valuable piece for White, so
Caruana is retreating to safety.} (18. Bxh6 Rxh6 19. Kf2 Ke7 $11) 18... Ke7 {
Keeping the king in the centre seems very logical since the d6-pawn is
vulnerable, but Black could have chosen castling with a similar effect on the
value of the position.} (18... O-O 19. Na3 Rc8 20. O-O e4 $1 21. Bd4 (21. Nb5
Rxb5 22. cxb5 Rc2 $15) 21... exf3 22. Bxf3 Bf4 $11) 19. g3 (19. O-O Rc8 20. Na3
$14) 19... Ne8 (19... e4 20. Bd4 exf3 21. Bxf3 Ne5 $11) 20. O-O f5 {The
kingside expansion is a way for Black to show some teeth in a balanced
position. He could have concentrated more on maintaining the equilibrium with
the modest idea of 20...h4!?} (20... h4 $5 21. Rfe1 Nc5 22. Na3 Nc7 $11) 21.
Rfe1 Nef6 22. Bf1 (22. Kg2 Rc8 23. Na3 Nc5 24. Nb5 $14) 22... Kf7 23. Na3 e4 {
It would take a lot of imagination to believe in any advantage for White. On
the other hand Black is not obliged to wait for his adversary's initiative and
can start some activity on his own accord.} 24. f4 (24. fxe4 Nxe4 25. Nb5 Ra6
26. Bd4 Bg7 27. Bxg7 Kxg7 28. Bg2 Ndf6 $11) 24... g5 $5 {Dominguez must have
decided to play normal positions for the win; he is conciously avoiding the
still waters of more peaceful continuations.} (24... Ng4 25. Bd4 Bg7 26. Nb5
Bxd4+ 27. Rxd4 Ra6 28. h3 Ngf6 29. Be2 $11) 25. fxg5 (25. Be3 $6 gxf4 26. gxf4
Rg8+ 27. Bg2 h4 $15) 25... Bxg5 26. Bd4 Ne5 27. Be2 {White does not see the
need for any extreme measures. The position is balanced , but we are talking
about dynamic equality.} (27. Bxe5 dxe5 28. h4 Bh6 29. Bh3 Kg6 30. Nb5 Rd8 31.
d6 $11) 27... h4 28. Rf1 Kg6 29. Nb5 Rxb5 $1 {Black is demonstrating excellent
nerves, even though this positional sacrifice was carefully prepared by the
previous play.} (29... Ra6 $2 30. c5 $1 $16) 30. cxb5 hxg3 31. hxg3 Rc8 {
[%mdl 4096]} 32. Rf2 {Despite the nominal material advantage Caruana will have
to exercise some caution. All the black pieces are located actively and his
coordinaton is examplary.} (32. b3 axb3 33. axb3 Nfg4 34. Bxg4 Nxg4 35. Ra1 Bd2
$11) 32... Nfg4 33. Bxg4 (33. Rg2 $2 Be3+ 34. Kf1 Nf3 $19) 33... Nxg4 34. Re2
Rc4 35. a3 (35. b3 $2 axb3 36. axb3 Rb4 $17) 35... Bf6 $1 {Black hopes to
exchange the strong white bishop that is holding the position together.} 36.
Ba7 (36. Bxf6 Kxf6 37. Rdd2 Rc1+ 38. Kg2 Ke5 $15) 36... Be5 (36... Ne5 37. Rb1
Nd3 38. Rh2 $11) 37. Kg2 Nf6 38. Rdd2 (38. Be3 Nh5 39. g4 $1 (39. Rc1 Rxc1 40.
Bxc1 Nxg3 41. Rc2 f4 42. Rc4 Ne2 $1 43. Rxe4 Nxc1 $17) 39... fxg4 40. Rc1 Rxc1
41. Bxc1 Bf4 42. Be3 $11) 38... Rc8 (38... Nh5 39. Rc2 Rxc2 40. Rxc2 Nxg3 41.
Rc7 $11) 39. Bd4 (39. Rc2 Ra8 40. Bf2 Ra5 41. b6 Nxd5 42. Rc4 Rb5 43. Rxa4 Nxb6
44. Bxb6 Rxb6 45. b4 $11) 39... Re8 40. Re1 {It is highly probable, that White
could not have made up his mind about his goals at this stage of the game.
There were quite a few ways to keep the balance, but it is hard to point at
any idea that would promise White any plus.} (40. b6 Kg5 41. Rd1 Kg4 42. Rc2
Bxd4 43. Rxd4 Nh5 44. Rxa4 f4 45. gxf4 e3 46. f5+ Nf4+ 47. Kf1 Kxf5 48. Re2 $11
) 40... Kg5 41. Bxe5 (41. Be3+ Kg4 42. Rh1 Bxg3 43. Rh6 f4 44. Rxf6 fxe3 $11)
41... Rxe5 42. Rd4 f4 $5 {It would be difficult to overlook Black's consequent
drive towards initiative. Dominguez is definitely not happy about only keeping
the balance.} (42... Nxd5 43. Rxa4 Nb6 44. Ra7 Rxb5 45. b4 Nc4 46. Kf2 d5 $11)
43. gxf4+ Kxf4 44. Rxa4 (44. b6 $5 Nxd5 45. Rxa4 Nxb6 46. Rb4 Nd5 47. Rxb7 e3
48. Rg7 Ke4 $11) 44... Rxd5 45. Re2 (45. Rf1+ Ke5 46. b4 Rd3 47. Ra8 Nd5 $11)
45... Rxb5 46. b4 $6 {Caruana is still experiencing problems in evaluating the
position properly. His move demonstrates that he has grossly underestimated
the inherent dangers.} (46. Kf1 d5 47. Rf2+ Ke5 48. Rg2 $11) 46... Rg5+ 47. Kf1
(47. Kf2 Ng4+ 48. Ke1 e3 $17) 47... Ng4 48. Ke1 (48. Ra8 Ne3+ 49. Kf2 Rg2+ 50.
Ke1 Rg1+ 51. Kd2 Rd1+ 52. Kc3 Rd3+ 53. Kb2 Nc4+ 54. Kc1 d5 $17) 48... Ne3 49.
Rf2+ Ke5 50. Ra7 Rg7 51. a4 d5 $1 {Dominguez is now much closer to his lasting
dream of taking over the initiative. Black has no reservations about his
ambition to play for a win.} (51... Nd5 52. Ra5 e3 53. Rf5+ Kxf5 54. Rxd5+ $11)
52. a5 (52. Rh2 Rc7 53. Rf2 Nc2+ 54. Kd1 Nxb4 $17) 52... d4 53. a6 Rg1+ (53...
d3 54. Rxb7 (54. axb7 Rg1+ 55. Kd2 Kd4 $19) 54... Rg1+ 55. Kd2 Nd5 56. Re2 Ra1
$19) 54. Ke2 (54. Kd2 bxa6 55. Re7+ Kd5 56. Rd7+ Kc4 57. Re7 Nf1+ 58. Rxf1 Rxf1
59. Rxe4 Rf2+ $19) 54... bxa6 $6 {Unfortunately the final phase of the game
was not conducted in a perfect manner. Black must have been excited about his
promising chances and most likely lacked the time to calculate dangerous
attacking lines after 54...Nd5!} (54... Nd5 $1 55. Rf7 (55. axb7 d3+ 56. Kd2
Kd4 57. Rf3 e3+ 58. Rxe3 Nxe3 $19) 55... d3+ 56. Kf2 d2 57. axb7 d1=Q 58. b8=Q+
Kd4 $19) 55. Re7+ Kd5 56. Rd7+ $2 {White is also demonstrating very human
features, his nervous check decides the game.} (56. Rh2 $1 Rg2+ (56... Rg5 57.
Rc7 Kd6 58. Rc8 $15) 57. Rxg2 Nxg2 58. Kd1 Nf4 $17) 56... Kc4 57. Rc7+ Kb3 58.
Rh2 (58. Rd7 Nc2 59. Rh2 d3+ 60. Kf2 Rd1 $19) 58... Rg3 $1 {With his own king
in complete safety Black can switch his attention to the famous motif of the
perfect coordination of forces.} 59. Rd7 d3+ 60. Ke1 (60. Kf2 Rf3+ 61. Ke1 Rf1+
62. Kd2 Nc4#) (60. Kd2 Nf1+ 61. Ke1 Nxh2 $19) 60... Rf3 (60... Kc3 $5 61. Rc7+
Nc4 $19) 61. Rh1 Nc4 62. Rd4 {A symbolic way of resigning in the face of the
inevitable. White is unable to do anything against the coordinated advance of
the black pawns in the centre.} (62. Rd8 Kc3 63. Rh6 d2+ $19) (62. Rh4 Re3+ 63.
Kf2 Re2+ 64. Kg3 d2 $19) 62... Re3+ 63. Kf2 (63. Kd1 Nb2+ 64. Kc1 Re2 $19)
63... Re2+ 64. Kg3 Kc3 65. Rd8 d2 {A fascinating ending with a great
performance by Black. Confidence still plays a huge role in modern competitive
chess..} 0-1